000 00581nam a2200181Ia 4500
003 OSt
005 20260327182433.0
020 _a1-56179-462-7
040 _cLC
050 _aLB 1031 .T63 1996
100 _aTOBIAS, CYNTHIA ULRICH
245 0 _aEVERY CHILD CAN SUCCEED: MAKING THE MOST OF YOUR CHILD'S LEARNING STYLE
260 _aCOLORADO SPRINGS, COLORADO,
_bFOCUS ON THE FAMILY PUBLISHING,
_c1996,
300 _aX, 154 P, ILL
500 _aINCLUDES BIBLIOGRAPHICAL REFERENCES
650 _a1. Individualized instruction 2. Cognitive styles in children
942 _cBK
_2lcc
999 _c167379
_d167379